[Event "Berkeley Summer IM 2019"]
[Site "Berkeley"]
[Date "2019.08.20"]
[Round "6.2"]
[White "Ordaz Valdes, Lisandra Teresa"]
[Black "Uyanga, Byambaa"]
[Result "1-0"]
[WhiteElo "2393"]
[BlackElo "2114"]
[Annotator "TA"]
[PlyCount "59"]
[EventDate "2019.08.14"]
[EventType "tourn"]
[EventCountry "USA"]
[SourceTitle "playchess.com"]
[Source "ChessBase"]
[SourceQuality "1"]

{[%evp 15,59,31,46,47,58,55,106,110,109,96,111,94,108,107,118,111,138,90,92,100,94,0,135,134,273,272,266,228,455,440,443,433,401,385,523,527,519,507,934,938,922,918,906,897,838,793]} 1. d4 Nf6 2. c4 g6 3. Nc3 Bg7 4. e4 d6 5. Be2 O-O 6. Bg5 c5 7. d5 Qa5 8. Bd2 a6 9. Nf3 {E74: King's Indian: Averbakh Variation: 6...c5} Qc7 10. O-O b5 (10... Bg4 $14) (10... Bg4 11. Ne1 Bxe2 12. Qxe2 e5 13. a4 Nbd7 14. a5 b6 15. axb6 Qxb6 16. Nd3 Rfb8 {1-0 (25) Kunin,V (2556)-Henrich,T (2240) Schwaebisch Gmuend 2018}) 11. cxb5 $16 {White is better.} axb5 12. Bxb5 Qb7 $146 ({Predecessor:} 12... Ba6 13. Bxa6 Rxa6 14. Qe2 Ra8 {1-0 (57) Yndurain Arrue,J-Riopedre Sierra,A Gijon 2002}) 13. Qe2 (13. a4 {seems wilder.} Bd7 14. Bc4 Na6 15. Re1 e6 16. Bg5) 13... Bd7 14. a4 {[%cal Ba2a4,Ba4a5,Ba5a6][%mdl 32]} Bxb5 15. Nxb5 Na6 16. Rab1 Nc7 17. Nxc7 Qxc7 18. Rfc1 ({Better is} 18. a5 $16) 18... Rfb8 (18... Rxa4 $11 {keeps the balance.} 19. b4 Rb8) 19. a5 Rb3 {[#]} (19... Rxa5 $16 20. Bxa5 Qxa5) 20. Nd4 $1 $18 {[%cal Rd4b3][%mdl 576] Pin} Rb7 (20... cxd4 21. Rxc7) 21. a6 Rbb8 $2 (21... Rb6 22. Ba5 {[%mdl 64] Skewer} Qa7) 22. Nc6 Re8 23. b4 e6 24. bxc5 {aiming for Rb7.} dxc5 25. Rb7 {White is clearly winning.} Qd6 26. e5 {[%mdl 64] Double Attack} exd5 (26... Qxd5 $142 27. exf6 Qxc6 28. fxg7 Rxa6) 27. exd6 Rxe2 28. a7 {Threatens to win with Ne7+.} Ree8 29. d7 Nxd7 30. Rxd7 {Accuracy: White = 61%, Black = 32%.} 1-0

[Event "Berkeley Summer IM 2019"]
[Site "Berkeley"]
[Date "2019.08.20"]
[Round "6.3"]
[White "Wang, Annie"]
[Black "Matras-Clement, Agnieszka"]
[Result "1-0"]
[WhiteElo "2321"]
[BlackElo "2260"]
[Annotator "TA"]
[PlyCount "119"]
[EventDate "2019.08.14"]
[EventType "tourn"]
[EventCountry "USA"]
[SourceTitle "playchess.com"]
[Source "ChessBase"]
[SourceQuality "1"]

{[%evp 16,119,21,19,26,27,37,25,22,0,0,-14,-11,-7,0,-6,0,-43,-21,-14,-23,-22,0,0,0,-6,14,40,102,106,160,66,85,59,45,47,47,41,50,37,118,118,140,128,114,69,134,119,129,91,125,121,112,112,110,105,112,8,8,8,13,0,11,10,374,336,317,24,24,27,25,32,38,42,56,57,56,56,56,56,56,60,384,367,314,315,349,199,317,143,143,18,18,18,100,100,143,143,168,168,168,143,5923,5597,4686,959]} 1. d4 d5 2. c4 c6 3. Nc3 Nf6 4. Nf3 dxc4 5. a4 Bf5 6. Ne5 Na6 7. e3 Nb4 8. Bxc4 e6 9. O-O Bd6 {D17: Slav Defence: 5 a4 Bf5: Lines with 6 Nh4 and 6 Ne5} 10. Qe2 h6 11. Bd2 $146 ({Predecessor:} 11. e4 Bh7 12. Rd1 O-O 13. Bf4 Qe7 14. Bg3 Rad8 15. Bh4 g5 16. Bg3 c5 17. dxc5 Bxc5 {½-½ (51) Aronian,L (2805)-Jobava,B (2690) Riadh 2017}) 11... O-O {White has an edge.} 12. Rac1 Qe7 13. e4 Bh7 $1 14. Nf3 {Strongly threatening e5.} Bc7 15. Rcd1 Rfd8 16. Bc1 c5 17. dxc5 Qxc5 18. Be3 Qa5 19. Bd2 Qc5 20. Nb5 Ba5 21. e5 $36 {[%mdl 2048] White is pushing.} Nfd5 (21... Ne4 $14) 22. Nd6 $16 Rab8 (22... Qb6 $142) 23. Bxd5 (23. Nd4 $1 $16 {[%cal Rd4b3]} Qxd4 24. Bxb4) 23... exd5 $14 24. Rc1 Qb6 25. Be3 Qa6 26. Qxa6 bxa6 27. Bxa7 Nd3 (27... Ra8 $1 $14 28. Nb7 Rxa7 29. Nxa5 Nd3) 28. Bxb8 $16 Nxc1 29. Rxc1 Rxb8 30. Rc5 Bd8 ({Better is} 30... Bb6 $14 31. Rxd5 Bc2) 31. h3 ({Much less strong is} 31. Rxd5 $6 Bc2 $14) 31... Be4 32. Rc6 Bb6 33. b4 $1 {And now a5 would win.} Bxf3 34. gxf3 {[%mdl 4096] Endgame KRB-KRN} Bd4 35. f4 $1 Rxb4 {[#]} 36. Rxa6 (36. Rc8+ $1 $16 Kh7 37. Nxf7) 36... Rb2 $1 $11 37. Ra8+ Kh7 38. Kg2 Rxf2+ 39. Kg3 {aiming for Rf8.} Be3 $2 {[%mdl 8192]} (39... h5 $11 {and Black is okay.} 40. Nf5 (40. Nxf7 Kg6 $11) 40... Bc5) 40. f5 $18 Rf1 41. Nxf7 $2 (41. a5 $18) 41... Rxf5 $11 42. e6 Bc5 43. Rc8 Bb4 44. Rb8 Be1+ 45. Kg4 g6 {[%csl Gf5,Gg6][%cal Rh6h5]} 46. Nxh6 $1 Re5 $1 47. Nf7 Re4+ 48. Kf3 {Hoping for Ng5+.} Kg7 $2 {[%mdl 8192]} ({Black should try} 48... Bh4 $1 $14) 49. Ng5 $18 Re5 50. Kf4 Bg3+ 51. Kxg3 Rxg5+ {KR-KR} 52. Kf3 (52. Kf4 $18 Rf5+ 53. Ke3 Re5+ 54. Kd4 Rxe6 55. a5 (55. Kxd5 Re3 $16)) 52... Re5 $16 {[#]} 53. Rb6 (53. Rb7+ $1 $16 Kf6 54. a5 Kxe6 55. Rb6+ Kf5 56. Rb5) 53... d4 $11 54. Rd6 Kf6 (54... Re3+ $11 {remains equal.} 55. Kg4 Rd3) 55. Rxd4 $16 Rxe6 56. Rf4+ Kg5 57. a5 Ra6 58. Ra4 Kh5 $2 {[%mdl 8192]} (58... Kf5 $16 59. h4 Ke5) 59. Ke3 $18 g5 60. Kd3 {Accuracy: White = 39%, Black = 43%.} (60. Ra3 $142 Kh6 61. Kd3) 1-0

[Event "Berkeley Summer IM 2019"]
[Site "Berkeley"]
[Date "2019.08.19"]
[Round "6.4"]
[White "Lujan, Carolina"]
[Black "Hernandez Moya, Yuleisy"]
[Result "*"]
[WhiteElo "2352"]
[BlackElo "2199"]
[Annotator "TA"]
[PlyCount "25"]
[EventDate "2019.08.14"]
[EventType "tourn"]
[EventCountry "USA"]
[SourceTitle "playchess.com"]
[Source "ChessBase"]
[SourceQuality "1"]

{[%evp 9,25,37,50,35,28,20,57,15,25,25,22,23,27,33,43,25,35,-5]} 1. e4 e6 2. Qe2 e5 3. Nf3 Nc6 4. c3 d6 5. d4 g6 6. Bg5 {C00: French: Unusual White 2nd moves} f6 7. Be3 Bg7 $146 ({Predecessor:} 7... Nh6 8. Qc4 Nf7 9. h4 h5 10. g3 a6 11. Bg2 Bg7 12. O-O {½-½ (38) Morozevich,A (2707)-Zvjaginsev,V (2659) Moscow 2005}) 8. Qd2 (8. Nbd2 {is more complex.} Nh6 9. dxe5 fxe5 10. h3 Nf7 11. Qb5) 8... f5 9. exf5 Bxf5 10. dxe5 Nxe5 11. Nxe5 Bxe5 12. Bc4 c6 13. Na3 *

[Event "Berkeley Summer IM 2019"]
[Site "Berkeley"]
[Date "2019.08.20"]
[Round "6.4"]
[White "Saikhanchimeg, Tsogtsaikhan"]
[Black "Hernandez Moya, Yuleisy"]
[Result "1-0"]
[WhiteElo "2011"]
[BlackElo "2199"]
[Annotator "ChessBase"]
[PlyCount "55"]
[EventDate "2019.08.14"]
[EventType "tourn"]
[EventCountry "USA"]
[SourceTitle "playchess.com"]
[Source "ChessBase"]
[SourceQuality "1"]
[TimeControl "5400+30"]

1. e4 {[%emt 0:00:00]} e6 {[%emt 0:00:00]} 2. Qe2 {[%emt 0:00:07]} e5 {[%emt 0:01:41]} 3. Nf3 {[%emt 0:01:10]} Nc6 {[%emt 0:00:07]} 4. c3 {[%emt 0:00:45]} d6 {[%emt 0:04:11]} 5. d4 {[%emt 0:00:53]} g6 {[%emt 0:00:34]} 6. Bg5 {[%emt 0:02:10]} f6 {[%emt 0:04:06]} 7. Be3 {[%emt 0:00:50]} Bg7 {[%emt 0:00:29]} 8. Qd2 {[%emt 0:07:54]} f5 {[%emt 0:08:42]} 9. exf5 {[%emt 0:12:49]} Bxf5 {[%emt 0:00:22]} 10. dxe5 {[%emt 0:06:16]} Nxe5 {[%emt 0:01:56]} 11. Nxe5 {[%emt 0:06:34]} Bxe5 {[%emt 0:01:28]} 12. Bc4 {[%emt 0:03:11]} c6 {[%emt 0:15:50]} 13. Na3 {[%emt 0:14:35]} d5 {[%emt 0:05:41]} 14. O-O-O {[%emt 0:05:06]} Nf6 {[%emt 0:21:52]} 15. Bd3 {[%emt 0:07:31]} Bxd3 {[%emt 0:17:04]} 16. Qxd3 {[%emt 0:00:08]} Qc7 {[%emt 0:00:31]} 17. g3 {[%emt 0:03:34]} O-O-O {[%emt 0:02:05]} 18. Bxa7 {[%emt 0:05:43]} Bd6 {[%emt 0:07:54]} 19. Bd4 {[%emt 0:07:42]} Rhf8 {[%emt 0:00:06]} 20. Nc2 {[%emt 0:02:53]} Qa5 {[%emt 0:01:37]} 21. Kb1 {[%emt 0:00:30]} Kc7 {[%emt 0:00:05]} 22. Rhe1 {[%emt 0:01:35]} Ra8 {[%emt 0:00:54]} 23. a3 {[%emt 0:00:09]} Nd7 {[%emt 0:01:38]} 24. c4 {[%emt 0:04:16]} c5 {[%emt 0:01:21]} 25. Bc3 {[%emt 0:00:11]} Qa6 {[%emt 0:01:05]} 26. Qxd5 {[%emt 0:00:13]} Rf5 {[%emt 0:00:57]} 27. Ba5+ {[%emt 0:01:21]} Kb8 {[%emt 0:00:43]} 28. Qxd6+ {[%emt 0:02:01]} 1-0

[Event "Berkeley Summer IM 2019"]
[Site "Berkeley"]
[Date "2019.08.19"]
[Round "6.5"]
[White "Saikhanchimeg, Tsogtsaikhan"]
[Black "Cervantes Landeiro, Thalia"]
[Result "*"]
[WhiteElo "2011"]
[BlackElo "2118"]
[Annotator "ChessBase"]
[PlyCount "35"]
[EventDate "2019.08.14"]
[EventType "tourn"]
[EventCountry "USA"]
[SourceTitle "playchess.com"]
[Source "ChessBase"]
[SourceQuality "1"]
[TimeControl "5400+30"]

1. e4 {[%emt 0:11:45]} c5 {[%emt 0:00:00]} 2. Nf3 {[%emt 0:00:13]} d6 {[%emt 0:00:00]} 3. d4 {[%emt 0:00:16]} cxd4 {[%emt 0:00:00]} 4. Nxd4 {[%emt 1:19:46]} Nf6 {[%emt 0:00:02]} 5. Nc3 {[%emt 0:00:06]} a6 {[%emt 0:00:05]} 6. Bg5 {[%emt 0:00:28]} e6 {[%emt 0:00:12]} 7. f4 {[%emt 0:01:09]} h6 {[%emt 0:00:31]} 8. Bh4 {[%emt 0:00:11]} Qb6 {[%emt 0:00:11]} 9. a3 {[%emt 0:00:21]} Be7 {[%emt 0:00:20]} 10. Bf2 {[%emt 0:00:46]} Qc7 {[%emt 0:00:13]} 11. Qf3 {[%emt 0:01:00]} Nbd7 {[%emt 0:00:20]} 12. O-O-O {[%emt 0:03:04]} b5 {[%emt 0:00:33]} 13. g4 {[%emt 0:12:18]} Bb7 {[%emt 0:00:19]} 14. Bd3 {[%emt 0:21:52]} Nc5 {[%emt 0:08:39]} 15. g5 {[%emt 0:06:49]} hxg5 {[%emt 0:04:08]} 16. fxg5 {[%emt 0:00:08]} Nfd7 {[%emt 0:01:59]} 17. g6 {[%emt 0:01:00]} fxg6 {[%emt 0:11:56]} 18. Bg3 {[%emt 0:04:11]} *

[Event "Berkeley Summer IM 2019"]
[Site "Berkeley"]
[Date "2019.08.20"]
[Round "7.1"]
[White "Krush, Irina"]
[Black "Uyanga, Byambaa"]
[Result "1/2-1/2"]
[WhiteElo "2417"]
[BlackElo "2114"]
[Annotator "NA"]
[PlyCount "48"]
[EventDate "2019.08.14"]
[EventType "tourn"]
[EventCountry "USA"]
[SourceTitle "playchess.com"]
[Source "ChessBase"]
[SourceQuality "1"]
[TimeControl "5400+30"]

1. d4 {[%emt 0:00:00]} Nf6 {[%emt 0:00:00]} 2. c4 {[%emt 0:00:00]} g6 {[%emt 0:00:00]} 3. Nc3 {[%emt 0:00:00]} Bg7 {[%emt 0:00:00]} 4. e4 {[%emt 0:00:02]} d6 {[%emt 0:00:00]} 5. Be2 {[%emt 0:00:09]} O-O {[%emt 0:00:17]} 6. Be3 {[%emt 0:00:08]} e5 {[%emt 0:09:38]} 7. d5 {[%emt 0:00:21]} Nbd7 {[%emt 0:00:28]} 8. g4 {[%emt 0:00:27]} Ne8 {[%emt 0:03:23]} 9. h4 {[%emt 0:01:13]} f5 {[%emt 0:04:53]} 10. exf5 {[%emt 0:01:30]} gxf5 {[%emt 0:00:17]} 11. gxf5 {[%emt 0:00:11]} Nc5 {[%emt 0:02:38]} 12. Nf3 {[%emt 0:02:40]} Bxf5 {[%emt 0:00:36]} 13. h5 {[%emt 0:02:04]} Bf6 {[%emt 0:13:17]} 14. Qd2 {[%emt 0:03:51]} Kh8 {[%emt 0:02:23]} 15. O-O-O {[%emt 0:02:01]} Qd7 {[%emt 0:10:33]} 16. Nh4 {[%emt 0:10:53]} Bxh4 {[%emt 0:01:10]} 17. Rxh4 {[%emt 0:00:10]} Nf6 {[%emt 0:00:38]} 18. f4 {[%emt 0:01:59]} Nfe4 {[%emt 0:10:58]} 19. Nxe4 {[%emt 0:02:18]} Nxe4 {[%emt 0:00:17]} 20. Qe1 {[%emt 0:00:08]} Qa4 {[%emt 0:00:48]} 21. Bd3 {[%emt 0:07:16]} Qxa2 {[%emt 0:01:06]} 22. fxe5 {[%emt 0:34:37]} Qa1+ {[%emt 0:14:57]} 23. Kc2 {[%emt 0:00:31]} Qa4+ {[%emt 0:00:08]} 24. Kc1 {[%emt 0:00:40]} Qa1+ {[%emt 0:00:21]} 1/2-1/2

[Event "Berkeley Summer IM 2019"]
[Site "Berkeley"]
[Date "2019.08.20"]
[Round "7.2"]
[White "Cervantes Landeiro, Thalia"]
[Black "Lujan, Carolina"]
[Result "0-1"]
[WhiteElo "2118"]
[BlackElo "2352"]
[Annotator "NA"]
[PlyCount "98"]
[EventDate "2019.08.14"]
[EventType "tourn"]
[EventCountry "USA"]
[SourceTitle "playchess.com"]
[Source "ChessBase"]
[SourceQuality "1"]
[TimeControl "5400+30"]

1. d4 {[%emt 0:00:00]} Nf6 {[%emt 0:00:00]} 2. c4 {[%emt 0:00:00]} g6 {[%emt 0:00:00]} 3. f3 {[%emt 0:00:00]} e6 {[%emt 0:00:04]} 4. e4 {[%emt 0:00:10]} c5 {[%emt 0:00:08]} 5. d5 {[%emt 0:00:34]} d6 {[%emt 0:00:49]} 6. Nc3 {[%emt 0:00:39]} Bg7 {[%emt 0:02:27]} 7. Nge2 {[%emt 0:04:33]} exd5 {[%emt 0:05:08]} 8. cxd5 {[%emt 0:00:10]} O-O {[%emt 0:03:51]} 9. Be3 {[%emt 0:03:09]} Nbd7 {[%emt 0:02:17]} 10. Ng3 {[%emt 0:01:45]} h5 {[%emt 0:08:13]} 11. Be2 {[%emt 0:05:41]} Re8 {[%emt 0:04:55]} 12. O-O {[%emt 0:06:02]} a6 {[%emt 0:09:40]} 13. a4 {[%emt 0:00:43]} b6 {[%emt 0:00:32]} 14. Nh1 {[%emt 0:05:22]} Bb7 {[%emt 0:14:40]} 15. Qd2 {[%emt 0:04:06]} Rc8 {[%emt 0:01:13]} 16. b3 {[%emt 0:07:49]} Nh7 {[%emt 0:05:15]} 17. Rac1 {[%emt 0:08:58]} Qe7 {[%emt 0:02:32]} 18. Nf2 {[%emt 0:05:41]} f5 {[%emt 0:08:20]} 19. Bh6 {[%emt 0:04:29]} Bd4 {[%emt 0:07:47]} 20. exf5 {[%emt 0:07:33]} gxf5 {[%emt 0:00:19]} 21. Bd3 {[%emt 0:01:26]} Qf6 {[%emt 0:01:36]} 22. Ne2 {[%emt 0:02:23]} Be5 {[%emt 0:01:39]} 23. Bf4 {[%emt 0:02:11]} h4 {[%emt 0:01:47]} 24. Qc2 {[%emt 0:03:01]} Bxd5 {[%emt 0:08:12]} 25. Bxf5 {[%emt 0:01:10]} Qg7 {[%emt 0:02:23]} 26. Bh6 {[%emt 0:05:45]} Qxh6 {[%emt 0:02:06]} 27. Bxd7 {[%emt 0:00:13]} Qg7 {[%emt 0:02:56]} 28. Bxc8 {[%emt 0:01:13]} Rxc8 {[%emt 0:02:14]} 29. Qd3 {[%emt 0:01:37]} Be6 {[%emt 0:01:25]} 30. f4 {[%emt 0:01:13]} Bb2 {[%emt 0:00:51]} 31. Qxd6 {[%emt 0:01:57]} Bxb3 {[%emt 0:00:14]} 32. Rb1 {[%emt 0:01:41]} Bc4 {[%emt 0:00:13]} 33. Kh1 {[%emt 0:03:24]} Re8 {[%emt 0:00:13]} 34. Ng1 {[%emt 0:06:40]} Bxf1 {[%emt 0:00:20]} 35. Rxf1 {[%emt 0:00:02]} c4 {[%emt 0:00:54]} 36. Qc6 {[%emt 0:00:46]} Qf7 {[%emt 0:00:33]} 37. Qxb6 {[%emt 0:01:02]} c3 {[%emt 0:00:12]} 38. Nd3 {[%emt 0:01:46]} Qe6 {[%emt 0:01:06]} 39. Qb4 {[%emt 0:00:31]} Qe4 {[%emt 0:00:33]} 40. Qb3+ {[%emt 0:00:12]} Qe6 {[%emt 0:00:05]} 41. Qc2 {[%emt 0:00:43]} Rb8 {[%emt 0:00:51]} 42. Ne5 {[%emt 0:01:24]} Nf8 {[%emt 0:01:34]} 43. Ne2 {[%emt 0:01:29]} h3 {[%emt 0:00:33]} 44. Nxc3 {[%emt 0:01:31]} Bxc3 {[%emt 0:00:46]} 45. Qxc3 {[%emt 0:00:03]} hxg2+ {[%emt 0:00:02]} 46. Kxg2 {[%emt 0:00:05]} Qd5+ {[%emt 0:00:25]} 47. Qf3 {[%emt 0:01:04]} Rb2+ {[%emt 0:00:11]} 48. Kh3 {[%emt 0:00:33]} Rb3 {[%emt 0:00:33]} 49. Rg1+ {[%emt 0:00:34]} Kh7 {[%emt 0:00:09]} 0-1

[Event "Berkeley Summer IM 2019"]
[Site "Berkeley"]
[Date "2019.08.20"]
[Round "7.3"]
[White "Hernandez Moya, Yuleisy"]
[Black "Wang, Annie"]
[Result "1/2-1/2"]
[WhiteElo "2199"]
[BlackElo "2321"]
[Annotator "NA"]
[PlyCount "62"]
[EventDate "2019.08.14"]
[EventType "tourn"]
[EventCountry "USA"]
[SourceTitle "playchess.com"]
[Source "ChessBase"]
[SourceQuality "1"]
[TimeControl "5400+30"]

1. e4 {[%emt 0:00:00]} c5 {[%emt 0:00:00]} 2. Nf3 {[%emt 0:00:00]} d6 {[%emt 0:00:00]} 3. Bb5+ {[%emt 0:00:00]} Nd7 {[%emt 0:00:11]} 4. O-O {[%emt 0:00:00]} Ngf6 {[%emt 0:01:17]} 5. Re1 {[%emt 0:00:02]} a6 {[%emt 0:00:37]} 6. Bf1 {[%emt 0:00:15]} e6 {[%emt 0:01:36]} 7. c3 {[%emt 0:01:48]} Be7 {[%emt 0:01:02]} 8. d4 {[%emt 0:00:31]} cxd4 {[%emt 0:01:50]} 9. cxd4 {[%emt 0:00:11]} O-O {[%emt 0:00:34]} 10. Nc3 {[%emt 0:04:48]} b5 {[%emt 0:04:03]} 11. e5 {[%emt 0:09:51]} Ne8 {[%emt 0:01:55]} 12. Ne4 {[%emt 0:03:15]} Bb7 {[%emt 0:03:18]} 13. Qd3 {[%emt 0:17:48]} dxe5 {[%emt 0:05:01]} 14. dxe5 {[%emt 0:00:34]} Nc5 {[%emt 0:02:06]} 15. Nxc5 {[%emt 0:01:08]} Bxc5 {[%emt 0:00:09]} 16. Ng5 {[%emt 0:01:21]} Qxd3 {[%emt 0:01:19]} 17. Bxd3 {[%emt 0:00:07]} g6 {[%emt 0:00:57]} 18. Be3 {[%emt 0:05:26]} Bb4 {[%emt 0:04:38]} 19. Red1 {[%emt 0:04:35]} Nc7 {[%emt 0:03:31]} 20. Ne4 {[%emt 0:04:50]} Nd5 {[%emt 0:02:10]} 21. Bc5 {[%emt 0:00:15]} Rfd8 {[%emt 0:02:47]} 22. g3 {[%emt 0:13:46]} Bxc5 {[%emt 0:07:09]} 23. Nxc5 {[%emt 0:00:21]} Bc6 {[%emt 0:03:13]} 24. Be4 {[%emt 0:04:59]} a5 {[%emt 0:03:11]} 25. Rac1 {[%emt 0:01:48]} Rdc8 {[%emt 0:01:53]} 26. Nb3 {[%emt 0:06:53]} Nb4 {[%emt 0:07:31]} 27. Bxc6 {[%emt 0:00:50]} Rxc6 {[%emt 0:01:07]} 28. Rxc6 {[%emt 0:01:26]} Nxc6 {[%emt 0:00:08]} 29. f4 {[%emt 0:00:11]} Nb4 {[%emt 0:03:28]} 30. a3 {[%emt 0:00:11]} Nd5 {[%emt 0:01:34]} 31. Kf2 {[%emt 0:00:16]} Nxf4 1/2-1/2

[Event "Berkeley Summer IM 2019"]
[Site "Berkeley"]
[Date "2019.08.20"]
[Round "7.4"]
[White "Matras-Clement, Agnieszka"]
[Black "Belakovskaia, Anjelina"]
[Result "1-0"]
[WhiteElo "2260"]
[BlackElo "2191"]
[Annotator "NA"]
[PlyCount "63"]
[EventDate "2019.08.14"]
[EventType "tourn"]
[EventCountry "USA"]
[SourceTitle "playchess.com"]
[Source "ChessBase"]
[SourceQuality "1"]
[TimeControl "5400+30"]

1. e4 {[%emt 0:00:00]} d5 {[%emt 0:00:00]} 2. exd5 {[%emt 0:00:00]} Nf6 {[%emt 0:00:00]} 3. d4 {[%emt 0:00:46]} Nxd5 {[%emt 0:00:00]} 4. Be2 {[%emt 0:00:10]} g6 {[%emt 0:01:07]} 5. Nf3 {[%emt 1:31:34]} Bg7 {[%emt 0:00:23]} 6. O-O {[%emt 0:00:00]} O-O {[%emt 0:03:08]} 7. c4 {[%emt 0:00:00]} Nb6 {[%emt 0:00:06]} 8. Nc3 {[%emt 0:00:00]} Nc6 {[%emt 0:10:20]} 9. d5 {[%emt 0:00:00]} Na5 {[%emt 0:04:08]} 10. c5 {[%emt 0:00:00]} Nd7 {[%emt 0:20:31]} 11. Bd2 {[%emt 0:00:00]} c6 {[%emt 0:02:12]} 12. b4 {[%emt 0:00:00]} cxd5 {[%emt 0:00:21]} 13. bxa5 {[%emt 0:00:00]} Nxc5 {[%emt 0:00:14]} 14. Rc1 {[%emt 0:00:00]} d4 {[%emt 0:10:42]} 15. Nb5 {[%emt 0:00:00]} b6 {[%emt 0:00:07]} 16. axb6 {[%emt 0:00:00]} axb6 {[%emt 0:00:08]} 17. Bc4 {[%emt 0:00:00]} e5 {[%emt 0:06:23]} 18. Re1 {[%emt 0:00:00]} Bg4 {[%emt 0:16:18]} 19. h3 {[%emt 0:00:00]} Bxf3 {[%emt 0:00:04]} 20. Qxf3 {[%emt 0:00:00]} Kh8 {[%emt 0:00:59]} 21. Bb4 {[%emt 0:00:00]} f5 {[%emt 0:00:20]} 22. Rcd1 {[%emt 0:00:00]} Qf6 {[%emt 0:06:06]} 23. Bxc5 {[%emt 0:00:00]} bxc5 {[%emt 0:00:01]} 24. Qd5 {[%emt 0:00:00]} Rac8 {[%emt 0:04:19]} 25. Nd6 {[%emt 0:00:00]} Rc7 {[%emt 0:00:01]} 26. Rb1 {[%emt 0:00:00]} h5 {[%emt 0:03:03]} 27. Rb6 {[%emt 0:00:00]} Kh7 {[%emt 0:12:29]} 28. Reb1 {[%emt 0:00:00]} Qg5 {[%emt 0:00:00]} 29. Rb8 {[%emt 0:00:00]} Rxb8 {[%emt 0:00:00]} 30. Rxb8 {[%emt 0:00:00]} Qc1+ {[%emt 0:00:00]} 31. Bf1 {[%emt 0:00:00]} e4 {[%emt 0:00:00]} 32. Nxf5 {[%emt 0:00:00]} 1-0

[Event "Berkeley Summer IM 2019"]
[Site "Berkeley"]
[Date "2019.08.20"]
[Round "7.5"]
[White "Saikhanchimeg, Tsogtsaikhan"]
[Black "Ordaz Valdes, Lisandra Teresa"]
[Result "1-0"]
[WhiteElo "2011"]
[BlackElo "2393"]
[Annotator "NA"]
[PlyCount "99"]
[EventDate "2019.08.14"]
[EventType "tourn"]
[EventCountry "USA"]
[SourceTitle "playchess.com"]
[Source "ChessBase"]
[SourceQuality "1"]
[TimeControl "5400+30"]

1. e4 {[%emt 0:01:07]} e5 {[%emt 0:00:00]} 2. Nf3 {[%emt 0:00:17]} Nc6 {[%emt 0:00:00]} 3. Bc4 {[%emt 0:00:52]} Bc5 {[%emt 0:00:00]} 4. b4 {[%emt 0:00:37]} Bxb4 {[%emt 0:00:00]} 5. c3 {[%emt 0:00:01]} Ba5 {[%emt 0:00:06]} 6. d4 {[%emt 0:00:18]} d6 {[%emt 0:00:17]} 7. Qb3 {[%emt 0:16:08]} Qd7 {[%emt 0:07:20]} 8. dxe5 {[%emt 0:19:53]} Bb6 {[%emt 0:09:42]} 9. Bb5 {[%emt 0:21:18]} Nge7 {[%emt 0:08:28]} 10. O-O {[%emt 0:02:15]} O-O {[%emt 0:01:57]} 11. Ba3 {[%emt 0:04:56]} Ng6 {[%emt 0:07:14]} 12. exd6 {[%emt 0:13:02]} Nf4 {[%emt 0:11:19]} 13. Bxc6 {[%emt 0:14:53]} Qg4 {[%emt 0:14:00]} 14. Ne1 {[%emt 0:00:16]} bxc6 {[%emt 0:00:07]} 15. Nd2 {[%emt 0:00:51]} Be6 {[%emt 0:13:33]} 16. c4 {[%emt 0:00:19]} Bd4 {[%emt 0:02:02]} 17. Rd1 {[%emt 0:00:23]} Nh3+ {[%emt 0:02:03]} 18. Qxh3 {[%emt 0:00:34]} Qxd1 {[%emt 0:00:05]} 19. Qd3 {[%emt 0:00:10]} c5 {[%emt 0:06:56]} 20. Nef3 {[%emt 0:01:13]} Qa4 {[%emt 0:00:17]} 21. Nxd4 {[%emt 0:00:33]} cxd4 {[%emt 0:00:05]} 22. dxc7 {[%emt 0:01:04]} Rfc8 {[%emt 0:01:33]} 23. Bd6 {[%emt 0:00:00]} Qxa2 {[%emt 0:01:16]} 24. Qxd4 {[%emt 0:00:00]} a5 {[%emt 0:00:15]} 25. Qc3 {[%emt 0:00:49]} Qa4 {[%emt 0:00:10]} 26. e5 {[%emt 0:00:38]} Qc6 {[%emt 0:00:19]} 27. Ra1 {[%emt 0:00:26]} a4 {[%emt 0:00:15]} 28. h3 {[%emt 0:00:27]} Bd5 {[%emt 0:02:52]} 29. Qg3 {[%emt 0:00:36]} Be6 {[%emt 0:00:45]} 30. Qd3 {[%emt 0:00:28]} Rxc7 {[%emt 0:03:27]} 31. Bxc7 {[%emt 0:00:27]} Qxc7 {[%emt 0:00:01]} 32. Qd6 {[%emt 0:00:30]} Qa5 {[%emt 0:00:05]} 33. Nb3 {[%emt 0:00:35]} Qa6 {[%emt 0:05:11]} 34. Qxa6 {[%emt 0:00:30]} Rxa6 {[%emt 0:00:01]} 35. Nc5 {[%emt 0:00:05]} Ra5 {[%emt 0:00:03]} 36. Nxe6 {[%emt 0:00:51]} fxe6 {[%emt 0:00:01]} 37. f4 {[%emt 0:00:00]} Kf7 {[%emt 0:02:23]} 38. Ra3 {[%emt 0:00:29]} Ke7 {[%emt 0:00:12]} 39. Kf2 {[%emt 0:00:07]} Kd7 {[%emt 0:00:18]} 40. Ke3 {[%emt 0:00:06]} Kc6 {[%emt 0:01:02]} 41. Kd4 {[%emt 0:00:02]} Ra7 {[%emt 0:00:40]} 42. g4 {[%emt 0:00:29]} g6 {[%emt 0:00:04]} 43. h4 {[%emt 0:01:06]} h5 {[%emt 0:00:14]} 44. gxh5 {[%emt 0:01:36]} gxh5 {[%emt 0:00:02]} 45. Ke4 {[%emt 0:00:39]} Kc5 {[%emt 0:00:34]} 46. f5 {[%emt 0:00:10]} Kb4 {[%emt 0:04:01]} 47. Ra1 {[%emt 0:00:04]} exf5+ {[%emt 0:00:52]} 48. Kxf5 {[%emt 0:00:02]} Kxc4 {[%emt 0:00:47]} 49. e6 {[%emt 0:00:18]} Kd5 {[%emt 0:00:25]} 50. Rd1+ {[%emt 0:00:06]} 1-0